[Event "Bundesliga 9394"]
[Site "Germany"]
[Date "1994.??.??"]
[Round "?"]
[White "Nunn, John DM"]
[Black "Chandler, Murray G"]
[Result "1/2-1/2"]
[WhiteElo "2590"]
[BlackElo "2565"]

1.e4 e6 2.d4 d5 3.e5 c5 4.c3 Nc6 5.Nf3 Bd7 6.Be2 f6 7.O-O Qc7 8.c4 cxd4 9.cxd5 exd5
10.Nxd4 Nxd4 11.Qxd4 Qxe5 12.Qd1 Bc5 13.Re1 O-O-O 14.Bf3 Qd6 15.Nc3 Bc6 16.a3 Bb6
17.Ne2 g5 18.Nd4 Bd7 19.Qd3 Ne7 20.Bd2 Bxd4 21.Qxd4 Nc6 22.Qc3 Kb8 23.Rad1 Ne5
24.Bh5 d4 25.Qg3 Bc6 26.Bc3 Nf3+ 27.Bxf3 Qxg3 28.fxg3 dxc3 29.Bxc6 bxc6 30.bxc3 Rxd1
31.Rxd1 Kc7 32.Rf1 Rf8 33.Rf5 Kd6 34.Kf2 Ke6 35.Rc5  1/2-1/2

[Event "Bundesliga 9394"]
[Site "Germany"]
[Date "1994.??.??"]
[Round "?"]
[White "Shirov, Alexei"]
[Black "Nunn, John DM"]
[Result "1/2-1/2"]
[WhiteElo "2685"]
[BlackElo "2590"]

1.d4 Nf6 2.c4 g6 3.Nc3 Bg7 4.e4 d6 5.Be2 O-O 6.Nf3 e5 7.O-O Nc6 8.d5 Ne7
9.Ne1 Nd7 10.Be3 f5 11.f3 f4 12.Bf2 g5 13.a4 Ng6 14.a5 Kh8 15.Nd3 Rg8 16.c5 Bf8
17.c6 bxc6 18.Nb4 Ne7 19.Nxc6 Nxc6 20.dxc6 Nf6 21.Bc4 Rg6 22.h3 g4 23.fxg4 Nxg4
24.hxg4 Bxg4 25.Qe1 d5 26.exd5 Bf3 27.Qxe5+ Bg7 28.Qxg7+ Rxg7 29.Bd4 Bxg2
30.Bxg7+ Kxg7 31.Kxg2 Qg5+ 32.Kf3 Qg3+ 33.Ke2 Qe3+ 34.Kd1 Qd4+ 35.Kc2 Qxc4
36.b3 Qc5 37.Rxf4 Rf8 38.b4 Qe3 39.Re4 Qf2+ 40.Kb3 Rf3 41.Rae1  1/2-1/2

[Event "Bundesliga 9394"]
[Site "Germany"]
[Date "1994.??.??"]
[Round "?"]
[White "Beckhuis, Gernod"]
[Black "Nunn, John DM"]
[Result "0-1"]
[WhiteElo "2300"]
[BlackElo "2590"]

1.d4 Nf6 2.c4 g6 3.Nc3 Bg7 4.e4 d6 5.Nf3 O-O 6.Be2 e5 7.O-O Nc6 8.d5 Ne7
9.Nd2 a5 10.a3 Bd7 11.b3 Ne8 12.Rb1 f5 13.b4 axb4 14.axb4 Kh8 15.c5 Ng8 16.Nc4 Qe7
17.b5 dxc5 18.b6 c6 19.d6 Qd8 20.Be3 Ngf6 21.Nxe5 Nxe4 22.Nxe4 fxe4 23.Nxd7 Qxd7
24.Bxc5 Nf6 25.h3 Nd5 26.Bg4 Qf7 27.Qc2 h5 28.Be2 Nc3 29.Rbc1 Ra2 30.Qxa2 Qxa2  0-1

[Event "Hastings9495"]
[Site "Hastings"]
[Date "1994.??.??"]
[Round "?"]
[White "Nunn, John DM"]
[Black "Luther, Thomas"]
[Result "1/2-1/2"]
[WhiteElo "2625"]
[BlackElo "2510"]

1.e4 e6 2.d4 d5 3.e5 c5 4.c3 Nc6 5.Nf3 Bd7 6.Be2 Nh6 7.O-O cxd4 8.cxd4 Nf5
9.Nc3 Rc8 10.a3 a6 11.Be3 Be7 12.Bd3 Nxe3 13.fxe3 O-O 14.Rc1 f5 15.exf6 Bxf6
16.Kh1 g6 17.Bb1 Bg7 18.Na4 Rc7 19.Nc5 Bc8 20.Qa4 e5 21.Ba2 Kh8 22.dxe5 Nxe5
23.Nxe5 Bxe5 24.Nd3 Rxc1 25.Rxc1 Qf6 26.Rg1 b5 27.Qb4 Bd6 28.Qd4 Bf5 29.Qxf6+ Rxf6
30.Nb4 Bxb4 31.axb4 Be4 32.Bb1 Rf2 33.Bxe4 dxe4 34.Ra1 Rxb2 35.Kg1 Rxb4 36.Rxa6 Rb1+
37.Kf2 b4 38.Re6 Kg7 39.Rxe4 Kf6 40.h3 b3 41.Rb4 Ke5 42.Rb7 h5  1/2-1/2

[Event "Hastings9495"]
[Site "Hastings"]
[Date "1994.??.??"]
[Round "?"]
[White "McNab, Colin Anderson"]
[Black "Nunn, John DM"]
[Result "1/2-1/2"]
[WhiteElo "2465"]
[BlackElo "2625"]

1.Nf3 Nf6 2.c4 g6 3.g3 Bg7 4.Bg2 c6 5.d4 d5 6.b3 O-O 7.O-O Bf5 8.Bb2 Nbd7
9.cxd5 cxd5 10.Nc3 Be4 11.e3 e6 12.Nxe4 Nxe4 13.Nd2 Nd6 14.a4 Nf6 15.Qe2 Qd7
16.Rfc1 Rfc8 17.Qd3 Bf8  1/2-1/2

[Event "Hastings9495"]
[Site "Hastings"]
[Date "1994.??.??"]
[Round "?"]
[White "Kachiani Gersinska, Ketino"]
[Black "Nunn, John DM"]
[Result "0-1"]
[WhiteElo "2410"]
[BlackElo "2625"]

1.d4 Nf6 2.c4 g6 3.Nc3 Bg7 4.Bf4 c5 5.d5 O-O 6.e3 e6 7.Nf3 exd5 8.cxd5 d6
9.h3 a6 10.a4 Nh5 11.Bd3 Nxf4 12.exf4 Re8+ 13.Kf1 Nd7 14.g3 Nf6 15.Kg2 Bd7
16.Ra3 Rb8 17.a5 Qc7 18.Nd2 Re7 19.Nc4 Rbe8 20.Qc2 Bb5 21.Raa1 Nd7 22.Qd2 b6
23.Nxb5 axb5 24.Na3 Qb7 25.Bxb5 bxa5 26.Rab1 Bd4 27.Bc6 Qb3 28.Nb5 Re2 29.Nxd4 cxd4
30.Qxd4 R8e3 31.Bxd7 Rxg3+ 32.Kf1 Rxf2+ 33.Qxf2 Qd3+ 34.Qe2 Rf3+ 35.Ke1 Qxb1+  0-1

[Event "Isle of Man op"]
[Site "Isle of Man"]
[Date "1994.??.??"]
[Round "1"]
[White "Nunn, John DM"]
[Black "Agnos, Demetrios"]
[Result "1-0"]
[WhiteElo "2625"]
[BlackElo "2425"]

1.e4 Nf6 2.e5 Nd5 3.d4 d6 4.Nf3 Bg4 5.Be2 e6 6.O-O Be7 7.h3 Bh5 8.c4 Nb6
9.Nc3 O-O 10.Be3 a6 11.b3 d5 12.c5 Nc8 13.g4 Bg6 14.Ne1 f6 15.exf6 Bxf6 16.f4 Nc6
17.Rc1 b6 18.Na4 b5 19.Nb2 Be4 20.Qd2 g6 21.Nd1 Qd7 22.Nf2 N8e7 23.Rd1 Rad8
24.Nf3 Bxf3 25.Bxf3 g5 26.fxg5 Bxd4 27.Bxd4 Nxd4 28.Qxd4 Rxf3 29.Ne4 Rxf1+
30.Kxf1 Nc6 31.Nf6+ Kh8 32.Qe3 Qf7 33.Kg2 e5 34.Rf1 Qg6 35.Rf5 d4 36.Qf3 d3
37.Ne4 Kg7 38.Rf6 Qe8 39.Rh6 d2 40.Qf6+ Kg8 41.g6  1-0

[Event "Isle of Man op"]
[Site "Isle of Man"]
[Date "1994.??.??"]
[Round "3"]
[White "Nunn, John DM"]
[Black "Flear, Glenn C"]
[Result "1/2-1/2"]
[WhiteElo "2625"]
[BlackElo "2505"]

1.e4 e5 2.Nf3 Nc6 3.d4 exd4 4.Nxd4 Bc5 5.Nxc6 Qf6 6.Qd2 dxc6 7.Nc3 Be6 8.Na4 Rd8
9.Bd3 Bd4 10.O-O b5 11.Nc3 Ne7 12.a4 b4 13.Ne2 c5 14.Nxd4 Qxd4 15.Qf4 c4
16.Be2 Ng6 17.Qxc7 O-O 18.c3 bxc3 19.bxc3 Qxc3 20.Bg5 Rd7 21.Qc5  1/2-1/2

[Event "Isle of Man op"]
[Site "Isle of Man"]
[Date "1994.??.??"]
[Round "7"]
[White "Nunn, John DM"]
[Black "Arkell, Keith C"]
[Result "1-0"]
[WhiteElo "2625"]
[BlackElo "2470"]

1.e4 e6 2.d4 d5 3.e5 c5 4.c3 Nc6 5.Nf3 Qb6 6.a3 c4 7.Nbd2 Na5 8.g3 Bd7 9.Bg2 Ne7
10.O-O Nf5 11.Re1 Be7 12.Rb1 h5 13.h4 Rc8 14.Bh3 g6 15.Qc2 Rc7 16.Nf1 Qb3
17.Qe2 Ba4 18.Bxf5 gxf5 19.Bg5 Qc2 20.Qe3 Qe4 21.Bxe7 Qxe3 22.Nxe3 Kxe7 23.Ng5 Rc6
24.Re2 Rb6 25.Nh3 Bb3 26.Nf4 Nc6 27.f3 Nb8 28.Kf2 Nd7 29.Rh1 Nf8 30.g4 hxg4
31.fxg4 fxg4 32.Nxg4 Ng6 33.Nxg6+ fxg6 34.Kg3 Ba4 35.Rf1 Be8 36.Nf6 Ba4 37.Kg4 Rc6
38.Kg5 Rcc8 39.Ref2 a6 40.Ng4 Be8 41.Nh6 Rb8 42.Nf7 Rh5+ 43.Kg4 Rf5 44.Nh6 Bf7
45.Nxf5+ exf5+ 46.Kf4 Rh8 47.Rh2 Rh5 48.Rg1 Ke6 49.Rg5 Rh6 50.h5 a5 51.Rhg2  1-0

[Event "Lloyds Bank op"]
[Site "London"]
[Date "1994.??.??"]
[Round "2"]
[White "Nunn, John DM"]
[Black "Leroy, Adrien"]
[Result "1-0"]
[WhiteElo "2625"]
[BlackElo "2220"]

1.e4 c5 2.Nf3 d6 3.d4 cxd4 4.Nxd4 Nf6 5.Nc3 a6 6.Be3 e6 7.f3 b5 8.g4 h6 9.Qd2 Bb7
10.O-O-O Nbd7 11.h4 b4 12.Nce2 d5 13.Ng3 dxe4 14.g5 hxg5 15.hxg5 Rxh1 16.Nxh1 Nd5
17.g6 Be7 18.Ng3 Nc5 19.Bh3 f5 20.Ngxf5 exf5 21.Nxf5 Nxe3 22.Qxe3 Qc7 23.Nxg7+ Kf8
24.Ne6+ Nxe6 25.Qh6+ Ke8 26.Bxe6 Bf6 27.Bd7+ Qxd7 28.Rxd7 Kxd7 29.g7 Bxg7
30.Qxg7+ Kc6 31.Qf6+ Kb5 32.Qe5+ Kb6 33.Qd6+ Kb5 34.c4+ bxc3 35.a4+  1-0

[Event "Lloyds Bank op"]
[Site "London"]
[Date "1994.??.??"]
[Round "4"]
[White "Nunn, John DM"]
[Black "Thipsay, Praveen Mahadeo"]
[Result "1-0"]
[WhiteElo "2625"]
[BlackElo "2505"]

1.e4 e5 2.Nf3 Nc6 3.Nc3 Nf6 4.d4 exd4 5.Nxd4 Bb4 6.Nxc6 bxc6 7.Bd3 O-O 8.O-O d5
9.exd5 cxd5 10.Bg5 c6 11.Qf3 Bd6 12.Rae1 h6 13.Bf4 Rb8 14.Bxd6 Qxd6 15.b3 c5
16.Nb5 Qd7 17.Nc3 Qd6 18.h3 Be6 19.Rd1 Qc7 20.Rfe1 d4 21.Ne4 Nd5 22.c4 dxc3
23.Bb1 Rfd8 24.Nxc3 Nxc3 25.Qxc3 Rxd1 26.Rxd1 a5 27.Qd3 g6 28.Qe3 Kg7 29.Qc3+ Kh7
30.Qf6 Re8 31.Re1 Qe7 32.Qc3 Qg5 33.Re5 Qf4 34.Rxc5 Rd8 35.Bd3 a4 36.Rc6 axb3
37.axb3 Bd5 38.Rf6 Qg5 39.g3 Rd7 40.Rf4  1-0

[Event "Lloyds Bank op"]
[Site "London"]
[Date "1994.??.??"]
[Round "5"]
[White "Gurevich, Ilya"]
[Black "Nunn, John DM"]
[Result "1/2-1/2"]
[WhiteElo "2570"]
[BlackElo "2625"]

1.e4 c5 2.Nf3 e6 3.d4 cxd4 4.Nxd4 Nf6 5.Nc3 Nc6 6.Ndb5 d6 7.Bf4 e5 8.Bg5 a6
9.Na3 b5 10.Bxf6 gxf6 11.Nd5 f5 12.Bd3 Be6 13.O-O Bxd5 14.exd5 Ne7 15.c3 Bg7
16.Qh5 Qd7 17.Rae1 O-O 18.Bb1 h6 19.Qh3 Qb7 20.Nc2 f4 21.g3 f5 22.Rd1 Rf6
23.a3 Kh8 24.Ba2 fxg3 25.hxg3 f4 26.g4 Rg8 27.Rfe1 Bf8 28.Kf1 Rg5 29.Ke2 f3+
30.Kd2 Nxd5 31.Bxd5 Qxd5+ 32.Kc1 Qg8 33.Ne3 e4 34.Rd2 a5 35.Red1 b4 36.Rd5 bxa3
37.bxa3 Rfg6 38.Qf1 Rxd5 39.Rxd5 Rxg4 40.Qa6 Rg1+ 41.Kb2 Rg2 42.Rd2 Rg5 43.a4 Rc5
44.Rd4 d5 45.Kc2 Bg7 46.Qb6 Qf8 47.Rxd5 Rxc3+ 48.Kd2 Rc8 49.Nf5 Qf7 50.Rd8+ Rxd8+
51.Qxd8+ Kh7 52.Nxg7 Qxg7 53.Ke3 Qc3+ 54.Kxe4 Qc6+ 55.Ke5 Qxa4 56.Qe7+ Kg8
57.Qe6+  1/2-1/2

[Event "Lloyds Bank op"]
[Site "London"]
[Date "1994.??.??"]
[Round "6"]
[White "Nunn, John DM"]
[Black "Mestel, A Jonathan"]
[Result "1/2-1/2"]
[WhiteElo "2625"]
[BlackElo "2520"]

1.e4 c6 2.d4 d5 3.e5 Bf5 4.Nc3 a6 5.Be3 Qb6 6.Bd3 Qxb2 7.Na4 Qa3 8.c3 b5
9.Bxf5 e6 10.Bc2 bxa4 11.Ne2 g6 12.Qb1 Qe7 13.Qb6 Qa7 14.Rb1 Qxb6 15.Rxb6 Nd7
16.Rxc6 Ne7 17.Rc7 Kd8 18.Rb7 Kc8 19.Rb1 a3 20.Ba4 Kc7 21.Bxd7 Kxd7 22.Kd2 Nc6
23.Rb7+ Kc8 24.Rxf7 Nd8 25.Rf3 Rb8 26.Kd3 Be7 27.h4 Rb2 28.Nc1 Kd7 29.h5 g5
30.h6 Rg8 31.g4 Ke8 32.c4  1/2-1/2

[Event "Lloyds Bank op"]
[Site "London"]
[Date "1994.??.??"]
[Round "7"]
[White "Zilberman, Yaacov"]
[Black "Nunn, John DM"]
[Result "1/2-1/2"]
[WhiteElo "2460"]
[BlackElo "2625"]

1.d4 Nf6 2.Nf3 g6 3.c4 Bg7 4.Nc3 O-O 5.e4 d6 6.Be2 e5 7.d5 a5 8.Bg5 h6 9.Bh4 Na6
10.Nd2 Qe8 11.a3 Bd7 12.b3 Nh7 13.Rb1 g5 14.Bg3 f5 15.exf5 Bxf5 16.Nde4 Nf6
17.Bd3 Qg6 18.Nxf6+ Bxf6 19.Bxf5 Qxf5 20.O-O e4 21.Nb5 Qh7 22.b4 axb4 23.axb4 Rae8
24.c5 h5 25.h3 e3 26.fxe3 Rxe3 27.Rb3 Rxb3 28.Qxb3 h4 29.Bf2 Be5 30.c6 bxc6
31.dxc6+ Kh8 32.Be1 Rxf1+ 33.Kxf1 Qe4 34.Qf3 Qc4+ 35.Qe2 Qf4+ 36.Qf3 Qc4+
37.Qe2 Qf4+  1/2-1/2

[Event "Lloyds Bank op"]
[Site "London"]
[Date "1994.??.??"]
[Round "10"]
[White "Nunn, John DM"]
[Black "Tkachiev, Vladislav"]
[Result "1/2-1/2"]
[WhiteElo "2625"]
[BlackElo "2535"]

1.e4 c5 2.c3 Nf6 3.e5 Nd5 4.Nf3 Nc6 5.Bc4 Nb6 6.Bb3 c4 7.Bc2 g6 8.Qe2 Bg7
9.Na3 O-O 10.O-O Na5 11.b4 cxb3 12.axb3 d6 13.d4 Nc6 14.h3 dxe5 15.dxe5 Be6
16.Nb5 Bd5  1/2-1/2

[Event "Amber-blind 3rd"]
[Site "Monte Carlo"]
[Date "1994.??.??"]
[Round "2"]
[White "Karpov, Anatoly"]
[Black "Nunn, John DM"]
[Result "1/2-1/2"]
[WhiteElo "2740"]
[BlackElo "2605"]

1.d4 Nf6 2.Nf3 g6 3.g3 Bg7 4.Bg2 O-O 5.O-O d5 6.c4 c6 7.cxd5 cxd5 8.Nc3 e6
9.Bg5 Qb6 10.Bxf6 Bxf6 11.Qd2 Nc6 12.Rfd1 Bd7 13.e4 dxe4 14.Nxe4 Bg7 15.Qf4 Nb4
16.Ne5 Bc6 17.Nc5 Bxg2 18.Ncd7 Qc7 19.Nxf8 Nd5 20.Qc1 Bxe5 21.dxe5 Qxe5 22.Nd7 Qd6
23.Nf6+ Kg7 24.Ng4 Qb4 25.Qh6+ Kg8 26.h3 Bf3 27.Rxd5 Bxg4 28.Qd2 Qf8 29.Rd3 Bxh3
30.Re1 Bf5 31.Rd7 Rb8 32.f3 h5 33.Rd4 Qc5 34.Qb4 Qc2 35.Rd2 Qc6 36.g4 hxg4  1/2-1/2

[Event "Amber-rapid 3rd"]
[Site "Monte Carlo"]
[Date "1994.??.??"]
[Round "2"]
[White "Nunn, John DM"]
[Black "Karpov, Anatoly"]
[Result "1-0"]
[WhiteElo "2605"]
[BlackElo "2740"]

1.e4 c6 2.d4 d5 3.e5 Bf5 4.Nc3 e6 5.g4 Bg6 6.Nge2 Ne7 7.Be3 h5 8.Nf4 hxg4
9.Nxg6 Nxg6 10.Qxg4 Nh4 11.Bd3 g6 12.O-O-O Be7 13.Kb1 Nd7 14.Ne2 Nb6 15.Nf4 Na4
16.Ne2 b5 17.Nc1 Nb6 18.Nb3 Nc4 19.Rhg1 a5 20.Bc1 a4 21.Nc5 Bxc5 22.dxc5 Nxe5
23.Qg3 Nef3 24.Rh1 e5 25.Be4 Qf6 26.Bxf3 Nxf3 27.Rd3 e4 28.Rxf3 exf3 29.Re1+ Kf8
30.Bg5 Qf5 31.h4 Kg8 32.Re5 Qd7 33.Re7 Qf5 34.Re5 Qc8 35.Bf6 Rh7 36.h5 Qf8
37.a3 Qxc5 38.Qg1 Rh6 39.Qg5 Qf8 40.hxg6 fxg6 41.Re7 Re8 42.Rd7 Rh1+ 43.Ka2 Qh6
44.Qg3 Rhe1 45.Qc7 R1e7 46.Rxe7 Rxe7 47.Qxe7 Qf8 48.Qe6+ Qf7 49.Qxc6 d4+
50.Kb1 d3 51.cxd3 Kh7 52.Qxf3 Qb3 53.Qh3+ Kg8 54.Qh8+ Kf7 55.Qg7+ Ke8  1-0

[Event "Amber-rapid 3rd"]
[Site "Monte Carlo"]
[Date "1994.??.??"]
[Round "3"]
[White "Nunn, John DM"]
[Black "Seirawan, Yasser"]
[Result "1-0"]
[WhiteElo "2605"]
[BlackElo "2585"]

1.e4 c6 2.d4 d5 3.e5 Bf5 4.Nc3 e6 5.g4 Bg6 6.Nge2 c5 7.h4 h5 8.Nf4 Nc6 9.Nxg6 fxg6
10.Ne2 hxg4 11.Nf4 Nh6 12.Nxg6 Nxd4 13.Nxh8 Nf3+ 14.Qxf3 gxf3 15.Bb5+ Qd7
16.Bxd7+ Kxd7 17.Bxh6 gxh6 18.Ng6 h5 19.Rh3 Bh6 20.Rxf3 Rg8 21.Rf7+  1-0

[Event "Amber-blind 3rd"]
[Site "Monte Carlo"]
[Date "1994.??.??"]
[Round "5"]
[White "Anand, Viswanathan"]
[Black "Nunn, John DM"]
[Result "1/2-1/2"]
[WhiteElo "2715"]
[BlackElo "2605"]

1.e4 c5 2.Nf3 e6 3.d4 cxd4 4.Nxd4 Nf6 5.Nc3 Nc6 6.Ndb5 d6 7.Bf4 e5 8.Bg5 a6
9.Na3 b5 10.Nd5 Be7 11.Bxf6 Bxf6 12.c3 Bb7 13.Nc2 Nb8 14.g3 Nd7 15.Nce3 O-O
16.h4 g6 17.Bh3 Bg7 18.h5 Nf6 19.hxg6 hxg6 20.Qd3 Nxd5 21.Nxd5 Bh6 22.Rd1 Kg7
23.Bg2 Rc8 24.Ne3 Bxe3 25.Qxe3 Rh8 26.Rxh8 Kxh8 27.Bh3 Rc4 28.f3 Kg7 29.Rd2 Kg8
30.Qd3 Rc6 31.Kd1 Qb6 32.Bd7 Qg1+ 33.Kc2 Rb6 34.g4 d5 35.exd5 Rd6 36.Qe4 Rxd7
37.Qxe5 Rxd5 38.Rxd5 Bxd5 39.Qxd5 Qb6 40.g5 a5 41.Kb3 Qb8 42.Qd4 Qe8 43.Qe4 Qd8
44.f4 Qd1+ 45.Ka3 Qd6+ 46.b4 axb4+ 47.Qxb4 Qa6+ 48.Kb2 Qc6 49.Qd4 Qg2+ 50.Kb3 Qf1
51.Qd8+ Kg7 52.Qd2 Kg8 53.Kb4 Qc4+ 54.Ka5 Qa4+ 55.Kb6 Qc4 56.a3 Qe6+ 57.Ka5 Qb3
58.Qd4 Qxa3+ 59.Kxb5 Qb3+ 60.Kc5 Qa3+ 61.Qb4 Qa7+ 62.Kd5 Qd7+ 63.Qd6 Qb5+
64.Kd4 Qb2 65.Qb4 Qd2+ 66.Kc5 Qe3+ 67.Kd6 Qe6+ 68.Kc7 Qe3 69.Kd8 Qf3 70.Qd4 Qa8+
71.Kc7 Qa5+ 72.Kc6 Qa6+ 73.Kd5 Qa8+ 74.Kc4 Qa4+ 75.Kd3 Qd1+ 76.Ke3 Qe1+ 77.Kf3 Qf1+
78.Ke4 Qe2+ 79.Qe3 Qc4+ 80.Kf3 Qf1+ 81.Kg3 Kh7 82.Qd4 Qe1+ 83.Kf3 Qf1+ 84.Ke4 Qe2+
85.Kd5 Qe6+ 86.Kc5 Qc8+ 87.Kb4 Qb7+ 88.Ka3 Qa6+ 89.Kb3 Qb5+ 90.Qb4 Qd3 91.Qc4 Qd1+
92.Ka3 Qd6+ 93.Ka4 Qd7+ 94.Qb5 Qd1+ 95.Qb3 Qd7+ 96.Ka3 Qd6+ 97.Qb4 Qa6+ 98.Kb3 Qd3
99.Qd4 Qb5+ 100.Ka3 Qa6+ 101.Kb2 Qe2+ 102.Kc1 Qe1+ 103.Kc2 Qe2+ 104.Qd2 Qe4+
105.Kc1 Qh1+ 106.Qd1 Qe4 107.Qf1 Qa4 108.Kb2 Qa5 109.Qh1+ Kg8 110.Qc6 Qd8
111.Kc2 Qe7 112.Qd5 Qe2+ 113.Kb3 Qe3 114.Qe5 Qb6+ 115.Kc2 Qf2+ 116.Kd3 Qf1+
117.Kd4  1/2-1/2

[Event "Amber-blind 3rd"]
[Site "Monte Carlo"]
[Date "1994.??.??"]
[Round "7"]
[White "Nunn, John DM"]
[Black "Ljubojevic, Ljubomir"]
[Result "1-0"]
[WhiteElo "2605"]
[BlackElo "2600"]

1.e4 e5 2.Nf3 Nc6 3.Nc3 Bc5 4.Nxe5 Nxe5 5.d4 Bb4 6.dxe5 Qh4 7.Qd4 Bxc3+ 8.bxc3 Ne7
9.g3 Qh5 10.Be2 Qh3 11.Be3 O-O 12.O-O-O Qe6 13.Bc4 Qc6 14.Qc5 Re8 15.Rhe1 Qxc5
16.Bxc5 Nc6 17.f4 b6 18.Bf2 Re7 19.h4 Bb7 20.Bd5 Na5 21.h5 Kf8 22.g4 Bxd5
23.Rxd5 Ke8 24.Bh4 Re6 25.Red1 d6 26.exd6 cxd6 27.Rxd6 Rxd6 28.Rxd6 Rc8 29.Rd3 Nc4
30.e5 Nxe5 31.fxe5  1-0

[Event "Amber-rapid 3rd"]
[Site "Monte Carlo"]
[Date "1994.??.??"]
[Round "7"]
[White "Ljubojevic, Ljubomir"]
[Black "Nunn, John DM"]
[Result "0-1"]
[WhiteElo "2600"]
[BlackElo "2605"]

1.d4 Nf6 2.c4 g6 3.Nc3 Bg7 4.e4 d6 5.f3 O-O 6.Be3 Nc6 7.Nge2 a6 8.Qd2 Rb8
9.Rc1 Bd7 10.d5 Na5 11.b3 c5 12.Bh6 Bxh6 13.Qxh6 b5 14.Nf4 bxc4 15.bxc4 Rb4
16.h4 Nxc4 17.a3 Nxa3 18.h5 g5 19.Qxg5+ Kh8 20.Ng6+ fxg6 21.hxg6 Kg8 22.e5 dxe5
23.Bd3 Rd4 24.Rxh7 Nxh7 25.Qh6 Nf6 26.Ne4 Rxe4+ 27.Bxe4 Bb5 28.Bf5 Qxd5 29.g7 Rd8
30.Bg6 Qd2+ 31.Qxd2 Rxd2 32.Kxd2 Nc4+ 33.Ke1 e4 34.Bf5 Kxg7 35.Be6 Ne5 36.Rc3 exf3
37.gxf3 Nh5 38.Kd2 Nf4 39.Bc8 c4 40.Ra3 Nd5 41.Bb7 e6 42.f4 c3+ 43.Kc2 Nc4
44.Ra1 Nce3+ 45.Kb3 Bc4+ 46.Ka4 Kf6 47.Rc1 Kf5 48.Bc8 Nb6+ 49.Ka5 Nxc8 50.Rxc3 Ke4  0-1

[Event "Amber-blind 3rd"]
[Site "Monte Carlo"]
[Date "1994.??.??"]
[Round "9"]
[White "Nunn, John DM"]
[Black "Kramnik, Vladimir"]
[Result "1/2-1/2"]
[WhiteElo "2605"]
[BlackElo "2710"]

1.e4 c5 2.c3 Nf6 3.e5 Nd5 4.Nf3 Nc6 5.Bc4 Nb6 6.Bb3 c4 7.Bc2 g6 8.O-O Bg7
9.Re1 d6 10.exd6 Qxd6 11.Na3 O-O 12.b3 Be6 13.Ng5 Bd5 14.Qg4 cxb3 15.axb3 h6
16.Ne4 Qd7 17.Qxd7 Nxd7 18.d4 f5 19.Ng3 e5 20.dxe5 Ndxe5 21.Nb5 Rfd8 22.Bf4 a6
23.Nc7 Rac8 24.Nxd5 Rxd5 25.Rad1 Rcd8 26.Rxd5 Rxd5 27.Rd1 Ra5 28.h4 h5 29.Ne2 Ra2
30.Rc1 Bf8 31.b4 Rb2 32.Kf1 Nc4 33.Bg5 N6e5 34.Nf4 Kf7 35.Nd3 Nxd3 36.Bxd3 Ne5
37.Be2 Be7 38.Bf4 Bf6 39.Rd1 Rc2 40.g3 Ke6 41.c4 Rb2 42.b5 a5 43.c5 a4 44.Rd6+ Ke7
45.Rb6 a3 46.Rxb7+ Ke6 47.Rb6+ Ke7 48.Rb7+ Ke6 49.Rb6+  1/2-1/2

[Event "Amber-rapid 3rd"]
[Site "Monte Carlo"]
[Date "1994.??.??"]
[Round "10"]
[White "Nunn, John DM"]
[Black "Polgar, Zsuzsa"]
[Result "1/2-1/2"]
[WhiteElo "2605"]
[BlackElo "2550"]

1.e4 e5 2.Nf3 Nc6 3.Nc3 Nf6 4.Bb5 Nd4 5.Ba4 c6 6.Nxe5 d5 7.d3 Bd6 8.f4 O-O
9.O-O b5 10.Bb3 b4 11.Ne2 Nxb3 12.axb3 Qb6+ 13.Kh1 dxe4 14.d4 Nd5 15.c4 bxc3
16.bxc3 Bxe5 17.fxe5 Bg4 18.Bd2 e3 19.Be1 Bxe2 20.Qxe2 Qxb3 21.c4 Nb4 22.Bxb4 Qxb4
23.Rfc1 Qb3 24.Rab1 Qa3 25.Ra1 Qb3 26.Rab1 Qa3 27.Ra1  1/2-1/2

[Event "Amber-blind 3rd"]
[Site "Monte Carlo"]
[Date "1994.??.??"]
[Round "10"]
[White "Polgar, Zsuzsa"]
[Black "Nunn, John DM"]
[Result "1/2-1/2"]
[WhiteElo "2550"]
[BlackElo "2605"]

1.d4 Nf6 2.c4 g6 3.Nc3 Bg7 4.e4 d6 5.h3 O-O 6.Bg5 c5 7.d5 e6 8.Bd3 exd5 9.cxd5 a6
10.a4 Nbd7 11.Nf3 Qc7 12.O-O Rb8 13.Re1 c4 14.Bf1 Re8 15.Rc1 b5 16.axb5 axb5
17.Nd4 Ba6 18.Nc6 Rb6 19.b4 Rxc6 20.dxc6 Qxc6 21.Qd2 Bb7 22.Rcd1 Re6 23.Bf4 Nxe4
24.Nxe4 Rxe4 25.Rxe4 Qxe4 26.Re1 Qc6 27.Qxd6 Qxd6 28.Bxd6 Bb2 29.Re8+ Kg7
30.Rd8 Bc6 31.Rc8 Bd5 32.g4 Kf6 33.Bg2 Ke6 34.Bf4 Nf6 35.Rc5 c3 36.Bf1 Ne4
37.Rc7 g5 38.Be3 Kd6 39.Ra7 c2 40.Bxb5 c1=Q+ 41.Bxc1 Bxc1 42.Ra6+ Ke5 43.Bc6 Bxc6
44.Rxc6 Bf4 45.b5 Kd5 46.Rh6 Nd6 47.b6 Kc6 48.h4 gxh4 49.Rxh4 h6 50.Kg2 Kxb6
51.Rh1 Kc6 52.Kf3 Bg5 53.Rd1 Kc5 54.Rd3 Kc6 55.Rd4 Kc5 56.Rd3 Kc6 57.Rd4  1/2-1/2

[Event "Amber-rapid 3rd"]
[Site "Monte Carlo"]
[Date "1994.??.??"]
[Round "11"]
[White "Kortschnoj, Viktor"]
[Black "Nunn, John DM"]
[Result "0-1"]
[WhiteElo "2615"]
[BlackElo "2605"]

1.d4 Nf6 2.c4 g6 3.Nc3 Bg7 4.e4 d6 5.Be2 O-O 6.Nf3 e5 7.O-O Nc6 8.d5 Ne7
9.Ne1 Nd7 10.Be3 f5 11.f3 f4 12.Bf2 g5 13.g4 h5 14.h3 Kf7 15.Nd3 Rh8 16.Kg2 Nf6
17.c5 Ng6 18.Rh1 Nh4+ 19.Bxh4 gxh4 20.Qb3 Nh7 21.Rac1 a6 22.Na4 Bf8 23.cxd6 Bxd6
24.Nac5 hxg4 25.hxg4 Ng5 26.Nxb7 h3+ 27.Kh2 Bxb7 28.Qxb7 Qe7 29.Qb3 Rab8
30.Qa4 Kg6 31.Rc6 Nf7 32.Qa5 Kg7 33.Rhc1 Rb5 34.Qe1 a5 35.Nxf4 Rxb2 36.Ne6+ Kg6
37.Kh1 h2 38.f4 exf4 39.Qc3 Qf6 40.e5 Qxe5 41.Qd3+ Kf6 42.Nxf4 Rb4 43.Ne6 Qe4+
44.Qxe4 Rxe4 45.Bd3 Rxg4 46.Nxc7 Rhg8 47.Rf1+ Ke7 48.Re1+ Ne5 49.Rxe5+ Bxe5
50.Re6+ Kd7 51.Rxe5 Kxc7 52.Rh5 Rd4 53.Rh3 Rgg4 54.Kxh2 Rh4 55.Rxh4 Rxh4+
56.Kg2 Ra4 57.Kf2 Kd6 58.Ke3 Rxa2 59.Kd4 Ra4+ 60.Kc3 Rb4 61.Bc4 Kc5 62.Ba2 Rb6
63.Bb3 Rh6 64.Kb2 Kb4 65.Bc2 Rh5 66.Be4 Re5 67.Bf3 Re3 68.Bg4 Rd3 69.Be6 Rd2+
70.Kb1 Kc3 71.Bf7 Kb3 72.d6+ Ka3 73.Kc1 Rxd6 74.Kc2 Rb6 75.Bg8 Rb2+ 76.Kc1 Rb4
77.Kc2 Ka4 78.Bf7 Kb5 79.Kc3 Kc5 80.Be6 a4 81.Bf7 a3 82.Bb3 Rb8  0-1

[Event "Amber-blind 3rd"]
[Site "Monte Carlo"]
[Date "1994.??.??"]
[Round "11"]
[White "Nunn, John DM"]
[Black "Kortschnoj, Viktor"]
[Result "1-0"]
[WhiteElo "2605"]
[BlackElo "2615"]

1.e4 c6 2.d4 d5 3.e5 Bf5 4.Nf3 e6 5.Be2 c5 6.O-O Nc6 7.c3 Rc8 8.a3 h6 9.b4 c4
10.a4 Nge7 11.Na3 Ng6 12.Nc2 Nh4 13.Ne3 Nxf3+ 14.Bxf3 Bd3 15.Be2 Bxe2 16.Qxe2 h5
17.f4 g6 18.g3 Ne7 19.Ng2 Nf5 20.Ne1 Kd7 21.Nf3 Be7 22.Ba3 Qf8 23.Ra2 Kc7
24.Rfa1 Qh6 25.Bc1 Kb8 26.b5 Rce8 27.Ng5 Qg7 28.Ba3 Bd8 29.a5 f6 30.Nf3 Qd7
31.exf6 Bxf6 32.Rb1 Ka8 33.Bc5 Qh7 34.Rba1 Rhg8 35.Bb6 a6 36.bxa6 bxa6 37.Rb2 g5
38.fxg5 Bxg5 39.Nxg5 Rxg5 40.Bc5 h4 41.Rb6  1-0

[Event "Moscow ol (Men)"]
[Site "Moscow"]
[Date "1994.??.??"]
[Round "1"]
[White "Lhagvasuren, Cedendemberel"]
[Black "Nunn, John DM"]
[Result "0-1"]
[WhiteElo "2300"]
[BlackElo "2625"]

1.e4 c5 2.Nf3 Nc6 3.d4 cxd4 4.Nxd4 Nf6 5.Nc3 e5 6.Ndb5 d6 7.Bg5 a6 8.Na3 b5
9.Bxf6 gxf6 10.Nd5 f5 11.exf5 Bxf5 12.c3 Bg7 13.Nc2 Be6 14.g3 O-O 15.Bg2 Rb8
16.O-O Qd7 17.Qe2 f5 18.Rad1 Kh8 19.Rd2 e4 20.Nce3 Ne5 21.Rfd1 Rbd8 22.a4 Bh6
23.axb5 axb5 24.Rd4 Qg7 25.Kh1 Qg6 26.Ne7 Qf7 27.N7d5 Bxd5 28.Rxd5 f4 29.gxf4 Qxf4
30.Rf1 Qh4 31.Qxb5 Bf4 32.h3 Rg8 33.Nf5 Rxg2  0-1

[Event "Moscow ol (Men)"]
[Site "Moscow"]
[Date "1994.??.??"]
[Round "2"]
[White "Nunn, John DM"]
[Black "Kotsur, Pavel"]
[Result "0-1"]
[WhiteElo "2625"]
[BlackElo "2490"]

1.e4 c5 2.Nf3 g6 3.d4 Bg7 4.dxc5 Qa5+ 5.c3 Qxc5 6.Be3 Qc7 7.Bd4 f6 8.Na3 Nh6
9.Bc4 a6 10.O-O e6 11.b4 Nf7 12.Bb3 Nc6 13.Be3 O-O 14.Qd2 f5 15.exf5 gxf5
16.Bf4 Qd8 17.Rad1 b5 18.Nc2 Qf6 19.Ncd4 Bb7 20.Ne2 d5 21.Ng5 Nce5 22.Nxf7 Nxf7
23.Be3 Ne5 24.Bd4 Qg6 25.f4 Nc4 26.Qc1 Nd6 27.Qe3 Ne4 28.Rf3 Rf7 29.Bc2 Bxd4
30.Nxd4 Rg7 31.Qe2 Qf6 32.Rdd3 Rc8 33.Qe3 Rgc7 34.Ne2 Kh8 35.Bb3 Nxc3 36.Nxc3 d4
37.Qxe6 Qxe6 38.Bxe6 dxc3 39.Bxc8 c2 40.Rf1 c1=Q 41.Bxb7 Qc4 42.Rd8+ Kg7
43.Bf3 Qxb4 44.h3 Qxf4 45.Rg8+ Kh6 46.Ra8 Qd6 47.Rd1 Qa3 48.Kh2 Kg7 49.Rd5 Qxa2
50.Rxf5 Qe6 51.Rg5+ Kf6 52.h4 Qd6+ 53.Kh3 Rg7 54.Rxg7 Kxg7 55.Ra7+ Kg6 56.g4 h6
57.Ra8 Kf6 58.Bb7 Qd3+ 59.Kg2 a5 60.Rf8+ Ke7 61.Rf3 Qe2+ 62.Kh3 b4 63.g5 hxg5
64.hxg5 Qb5  0-1

[Event "Moscow ol (Men)"]
[Site "Moscow"]
[Date "1994.??.??"]
[Round "4"]
[White "Nunn, John DM"]
[Black "Situru, Nathanael"]
[Result "0-1"]
[WhiteElo "2625"]
[BlackElo "2415"]

1.e4 c5 2.Nf3 e6 3.d4 cxd4 4.Nxd4 Nf6 5.Nc3 d6 6.Be3 a6 7.f3 b5 8.g4 b4 9.Nce2 h6
10.Qd2 e5 11.Nf5 d5 12.O-O-O Qa5 13.Kb1 Be6 14.Nc1 d4 15.Bf2 g6 16.Ng3 Nbd7
17.h4 Rc8 18.Bd3 Nc5 19.g5 Nxd3 20.Qxd3 hxg5 21.hxg5 Rxh1 22.Rxh1 Nd7 23.Nge2 Bg7
24.Qd2 Qb5 25.Nd3 a5 26.f4 Kd8 27.b3 Nc5 28.Nxc5 Qxc5 29.Qd3 Bf8 30.Bg3 Bd7
31.fxe5 Bb5 32.Qd2 d3 33.c4 Bc6 34.Nf4 Bxe4 35.Re1 Qd4 36.a4 Qc3  0-1

[Event "Moscow ol (Men)"]
[Site "Moscow"]
[Date "1994.??.??"]
[Round "6"]
[White "Danielsen, Henrik"]
[Black "Nunn, John DM"]
[Result "1/2-1/2"]
[WhiteElo "2440"]
[BlackElo "2625"]

1.d4 Nf6 2.Nf3 g6 3.Bg5 Bg7 4.Nbd2 d5 5.e3 O-O 6.Bd3 c5 7.c3 Qb6 8.Rb1 Nc6
9.O-O e5 10.Nxe5 Nxe5 11.dxe5 Ng4 12.Nf3 Nxe5 13.Nxe5 Bxe5 14.Bc2 d4 15.f4 Bg7
16.f5 dxe3 17.Bxe3 Re8 18.Qd2 Bxf5 19.Bxf5 gxf5 20.Qf2 Re5 21.b4 Qe6 22.Bxc5 Re2
23.Qxf5 Qxa2 24.Qg4 Qe6  1/2-1/2